Rajecké Teplice

Bibliographic Details
Corporate Author: Rajecké Teplice (Slovensko) Kúpele (Author)
Other Authors: Lorencová, Elena (fot)
Format: Book
Language:Slovak
PhysicalDescription:1 pohľadnica farebný ofset, 5 čiastkových pohľadov 15x10 cm
Published: Bratislava Pravda 1978
Subjects:

MARC

LEADER 00000nam a2200000 a 4500
001 vtls001401594
003 SK-MaSNL
005 20260301012100.0
008 210928s1978 xo 0 slo
020 |c 2,00 
035 |a SNK000356102 
040 |a SNK  |b slo  |c SNK  |e AACR2 
041 0 |a slo 
044 |a xo  |c SK 
080 |a 779  |2 2. slo 
110 0 |a Rajecké Teplice (Slovensko)  |b Kúpele  |4 aut  |9 296516 
245 1 |a Rajecké Teplice  |h grafika ; foto Elena Lorencová 
260 |a Bratislava  |b Pravda  |c 1978 
300 |a 1 pohľadnica  |b farebný ofset, 5 čiastkových pohľadov  |c 15x10 cm 
610 2 7 |a Kúpele Rajecké Teplice (Slovensko)  |2 SNK  |9 170150 
650 0 7 |a pohľadnice  |z Rajecké Teplice (Slovensko:kúpele)  |2 SNK  |9 296517 
700 1 |a Lorencová, Elena  |4 fot  |9 296518 
958 |a OND 
999 |c 552613  |d 554543 
952 |t P60, <03>, [BOOK], {603}  |a SNK  |b SNK  |y PREZ  |7 0  |o snkSP 150377  |i snkPV 1844/2000  |0 0  |1 0  |4 0  |d 2000-11-28  |l 0  |r 2005-01-02 00:00:00  |w 2026-02-23